Politikai kommunikáció az interneten
Elmentve itt :
| Szerző: | |
|---|---|
| További közreműködők: | |
| Dokumentumtípus: | Szakdolgozat |
| Megjelent: |
2008
|
| Tárgyszavak: | |
| Online Access: | http://diploma.bibl.u-szeged.hu/39474 |
| LEADER | 00547nta a2200157 i 4500 | ||
|---|---|---|---|
| 001 | dipl39474 | ||
| 005 | 20130314101322.0 | ||
| 008 | 121214s2008 hu om 0|| hun d | ||
| 040 | |a SZTE Diploma Repozitórium |b hun | ||
| 041 | |a hun | ||
| 100 | 1 | |a Csépányi Balázs | |
| 245 | 1 | 0 | |a Politikai kommunikáció az interneten |h [elektronikus dokumentum] / |c Balázs Csépányi |
| 260 | |c 2008 | ||
| 650 | 4 | |a Bölcsészettudományok | |
| 700 | 1 | |a Löffler Tibor |e ths | |
| 856 | 4 | 0 | |u http://diploma.bibl.u-szeged.hu/id/eprint/39474/1/2008_csepanyi_balazs.pdf |z Dokumentum-elérés |